000 00932nam a2200253 a 4500
001 44560
003 BD-RjUL
005 20211209053859.0
008 160718s2000 bg a|||| |||| 00| 0 ben d
020 _c: Tk. 485.00
035 _a(BD-RjUL)44678
040 _aBD-RjUL
_bben
_cBD-RjUL
041 _aben
082 _223
_a338.5
_bCHB 2000
100 _aচক্রবর্ত্তী, মনতোষ
_9136723
245 1 0 _aব্যষ্টিক অর্থনীতি = Microeconomics /
_cমনতোষ চক্রবর্ত্তী
250 _a৪র্থ সং.
260 _aময়মনসিংহ :
_bইকনমি পাবলিশার্স,
_c২০০০
300 _aখণ্ড :
_bচিত্র ;
_c২৩ সেমি.
505 0 _aখণ্ড-১ ---
650 _aব্যষ্টিক অর্থনীতি
_9135179
650 _aMicroeconomics
_9136724
942 _2ddc
_cBK
999 _c44560
_d44560